000
00274nam a22001217a 4500
020
_a
0-7214-1926-7
082
_a
823
_b
MCD/F
100
_a
DONALD, ALAN MAC
245
_a
FORGETFULO LITTLE FOREMAN
260
_a
UK
_b
LADYBIRD
650
_a
ENGLISH SHORT STORY
_z
UK
942
_c
BK
999
_c
4429
_d
4429